000 00981nam a22002417a 4500
999 _c1134
_d1134
003 AR-CdUCM
008 190226b ||||| |||| 00| 0 spa d
020 _a9972994007
040 _aMUNICIPALIDAD PROVINCIAL DEL CUSCO
_cBIBLIOTECA MUNICIPAL DEL CUSCO
082 _a333.1 /
_bM86
100 _aMorris Guerinoni, Felipe
_94451
245 _aLa formación de la propiedad en el Perú :
_bdesvelando el misterio /
260 _aLima :
_bCOFOPRI ,
_c2004.
300 _a117 páginas ;
_c24 cm.
505 _aLa problemática de la informalidad en el Perú -- Reforma de los derechos de propiedad privada y urbana -- Complementación de la reforma -- Formalización de lotes y títulos registrados...
650 _aReforma de propiedad urbana.
_94452
650 _aPropiedad de tierra.
_94453
650 _aLeyes de propiedad de tierra
_94454
700 _aEndo Olascuaga, Victor
_94455
700 _aUgaz Vallanas, Rafael
_94456
942 _2ddc
_cLIBROS
945 _awfj
_d2019-02-26